[Event "Ontario op"]
[Site "Toronto CAN"]
[Date "2022.05.23"]
[Round "6.13"]
[White "Barron, Michael"]
[Black "Humphreys, Michael"]
[Result "1-0"]
[WhiteElo "2234"]
[BlackElo "2331"]
[PlyCount "62"]
[EventDate "2022.05.21"]
[EventType "swiss"]
[EventRounds "6"]
[EventCountry "CAN"]

1. e4 c6 2. d4 d5 3. Nd2 dxe4 4. Nxe4 Bf5 5. Ng3 Bg6 6. h4 h6 7. Nf3 Nd7 8. h5
Bh7 9. Bd3 Bxd3 10. Qxd3 e6 11. Bf4 Qa5+ 12. Bd2 Bb4 13. c3 Be7 14. c4 Qc7 15.
O-O-O Ngf6 16. Kb1 O-O 17. Ne4 c5 18. Nxf6+ Nxf6 19. Bc3 b5 20. cxb5 c4 21. Qe2
Nd5 22. Ne5 Rfc8 23. Rc1 Bd6 24. Bd2 Bxe5 25. Qxe5 Rab8 26. Qxc7 Rxc7 27. a4
Rcc8 28. Rc2 a6 29. bxa6 c3 30. Rhc1 Rb4 31. a7 Ra8 {...} 1-0

[Event "Ontario op"]
[Site "Toronto CAN"]
[Date "2022.05.23"]
[Round "6.14"]
[White "Malakhovets, Sergey"]
[Black "Abrahams, Daniel"]
[Result "1-0"]
[WhiteElo "2198"]
[BlackElo "2226"]
[PlyCount "41"]
[EventDate "2022.05.21"]
[EventType "swiss"]
[EventRounds "6"]
[EventCountry "CAN"]

1. d4 Nf6 2. Nf3 e6 3. Bf4 c5 4. e3 cxd4 5. exd4 b6 6. Bd3 Bb7 7. h3 Be7 8. O-O
O-O 9. a4 d6 10. c3 a6 11. Re1 Nbd7 12. Nbd2 Re8 13. Bh2 Bc6 14. Qe2 Qc8 15.
Nc4 Qc7 16. Ne3 Qb7 17. Nc4 Qc7 18. Ncd2 Qb7 19. b4 Rec8 20. c4 a5 21. d5 1-0

[Event "Ontario op"]
[Site "Toronto CAN"]
[Date "2022.05.23"]
[Round "6.15"]
[White "Malek, Omid"]
[Black "Pramanik, Projjwal"]
[Result "0-1"]
[WhiteElo "2266"]
[BlackElo "2071"]
[PlyCount "28"]
[EventDate "2022.05.21"]
[EventType "swiss"]
[EventRounds "6"]
[EventCountry "CAN"]

1. Nf3 g6 2. c4 c5 3. g3 Bg7 4. Bg2 Nc6 5. Nc3 Nf6 6. O-O O-O 7. e4 d6 8. d3
Bg4 9. h3 Bd7 10. Be3 e5 11. Qd2 Nd4 12. Ne1 Qa5 13. Rd1 b5 14. b3 Qxc3 0-1

[Event "Ontario op"]
[Site "Toronto CAN"]
[Date "2022.05.23"]
[Round "6.16"]
[White "Kasturi, M."]
[Black "Filipovich, David"]
[Result "0-1"]
[WhiteElo "2106"]
[BlackElo "2150"]
[PlyCount "100"]
[EventDate "2022.05.21"]
[EventType "swiss"]
[EventRounds "6"]
[EventCountry "CAN"]

1. e4 c6 2. d4 d5 3. exd5 cxd5 4. c4 Nf6 5. Nc3 Nc6 6. Nf3 Bg4 7. cxd5 Nxd5 8.
Be2 e6 9. O-O Be7 10. Qb3 Nb6 11. Be3 O-O 12. Rfd1 Rc8 13. d5 exd5 14. Nxd5
Nxd5 15. Rxd5 Qc7 16. Qa4 Be6 17. Rh5 g6 18. Rh6 Qa5 19. Qf4 Qb4 20. Qxb4 Nxb4
21. Ng5 Nc2 22. Nxe6 fxe6 23. Rc1 Nxe3 24. Rxc8 Rxc8 25. fxe3 Rc1+ 26. Kf2 Rc2
27. Kf3 Rxb2 28. Bc4 Kg7 29. Rh3 Rb6 30. Ke4 Rc6 31. Bb3 b5 32. Rf3 Bf6 33. Rf2
Kf7 34. Rc2 Rxc2 35. Bxc2 Ke7 36. Bd3 a6 37. Be2 Kd6 38. g3 Bc3 39. h4 Be1 40.
Kf4 e5+ 41. Kg4 Kd5 42. Bf3+ e4 43. Be2 Ke5 44. h5 gxh5+ 45. Kxh5 Bxg3 46. Kh6
Bf2 47. Kxh7 Bxe3 48. Kg6 Kf4 49. Kf6 Bc1 50. Ke6 Ke3 0-1

[Event "Ontario op U2200"]
[Site "Toronto CAN"]
[Date "2022.05.21"]
[Round "1.17"]
[White "Dai, Wenzhi"]
[Black "Faraji, Jafar"]
[Result "1-0"]
[WhiteElo "2177"]
[BlackElo "1941"]
[PlyCount "103"]
[EventDate "2022.05.21"]
[EventType "swiss"]
[EventRounds "6"]
[EventCountry "CAN"]

1. e4 c6 2. d4 d5 3. Nc3 dxe4 4. Nxe4 Nf6 5. Nxf6+ exf6 6. c3 Bf5 7. Bd3 Bxd3
8. Qxd3 Bd6 9. Be3 O-O 10. Ne2 Re8 11. O-O-O Qa5 12. Kb1 b5 13. h4 Nd7 14. g4
b4 15. c4 Rad8 16. g5 f5 17. c5 f4 18. cxd6 fxe3 19. fxe3 Qd5 20. Ng3 Qxd6 21.
e4 Nc5 22. Qf3 Ne6 23. Nf5 Qf4 24. Qxf4 Nxf4 25. Rhe1 Ng2 26. Rg1 Nf4 27. Rg4
Ne6 28. Kc2 Rd7 29. d5 cxd5 30. exd5 Rc8+ 31. Kb3 Nc5+ 32. Kxb4 Rb7+ 33. Ka3
Rcb8 34. b3 a5 35. Rc4 Nd7 36. d6 Rb5 37. Ne7+ Kf8 38. Rdc1 Nb6 39. Rc5 Rxc5
40. Rxc5 a4 41. Rb5 axb3 42. Kxb3 Nd7 43. Rxb8+ Nxb8 44. Kc4 Ke8 45. Kd5 Kd7
46. Nf5 Nc6 47. a3 g6 48. Nh6 Nd8 49. Ng4 Ne6 50. Ne5+ Ke8 51. a4 Nd8 52. a5
1-0

[Event "Ontario op U2200"]
[Site "Toronto CAN"]
[Date "2022.05.21"]
[Round "1.18"]
[White "Lim, Levi"]
[Black "Ishow, Younan"]
[Result "0-1"]
[WhiteElo "1934"]
[BlackElo "2146"]
[PlyCount "82"]
[EventDate "2022.05.21"]
[EventType "swiss"]
[EventRounds "6"]
[EventCountry "CAN"]

1. e4 c6 2. d4 d5 3. Nc3 dxe4 4. Nxe4 Bf5 5. Ng3 Bg6 6. h4 h6 7. Nf3 e6 8. Ne5
Bh7 9. Bd3 Nf6 10. Bxh7 Nxh7 11. Qf3 Nf6 12. Be3 Nbd7 13. Nxd7 Qxd7 14. O-O-O
Qd5 15. Qxd5 cxd5 16. Bf4 Kd7 17. f3 Rc8 18. Rhe1 Bd6 19. Be5 Rc4 20. Bxd6 Kxd6
21. Rd3 Rhc8 22. Re2 a6 23. Nf1 Nh5 24. g3 b5 25. b3 Rc3 26. Rxc3 Rxc3 27. Rf2
b4 28. Kd2 g5 29. hxg5 hxg5 30. a3 a5 31. axb4 axb4 32. Rh2 Nf6 33. Rh6 Rxf3
34. Ke2 Rf2+ 35. Kxf2 Ng4+ 36. Kf3 Nxh6 37. g4 f5 38. gxf5 Nxf5 39. Kg4 Nxd4
40. Ne3 Ke5 41. Kxg5 Ke4 0-1

[Event "Ontario op U2200"]
[Site "Toronto CAN"]
[Date "2022.05.21"]
[Round "1.19"]
[White "Bui, Alan"]
[Black "Zheng, Victor"]
[Result "0-1"]
[WhiteElo "2117"]
[BlackElo "1918"]
[PlyCount "68"]
[EventDate "2022.05.21"]
[EventType "swiss"]
[EventRounds "6"]
[EventCountry "CAN"]

1. d4 Nf6 2. Nf3 g6 3. c4 Bg7 4. Nc3 O-O 5. e4 d6 6. h3 c5 7. d5 a6 8. a4 Qa5
9. Bd2 Nbd7 10. Be2 Ne8 11. O-O Ne5 12. Ra3 f5 13. exf5 Nxf3+ 14. Bxf3 Bxf5 15.
Re1 Qc7 16. Qe2 Be5 17. Bh6 Ng7 18. Be4 Rae8 19. Rb3 Rf7 20. Bxg7 Kxg7 21. Bxf5
Rxf5 22. Qd2 Ref8 23. f3 Qd7 24. Ne4 h6 25. Rb6 Bd4+ 26. Nf2 Re5 27. Rxe5 Bxe5
28. Ng4 Bd4+ 29. Kh1 g5 30. a5 Rf4 31. Qc2 h5 32. Nh2 Rf7 33. Qe4 Qa4 34. Nf1
Qd1 0-1

[Event "Ontario op U2200"]
[Site "Toronto CAN"]
[Date "2022.05.21"]
[Round "1.20"]
[White "Cater, Brendan"]
[Black "Loadman, Ian"]
[Result "1/2-1/2"]
[WhiteElo "1916"]
[BlackElo "2091"]
[PlyCount "59"]
[EventDate "2022.05.21"]
[EventType "swiss"]
[EventRounds "6"]
[EventCountry "CAN"]

1. e4 e5 2. Nf3 Nc6 3. Bc4 Nf6 4. d4 exd4 5. e5 Ne4 6. Qe2 Nc5 7. c3 d3 8. Qe3
Be7 9. b4 Ne6 10. O-O d6 11. exd6 cxd6 12. Re1 O-O 13. Bb2 Bf6 14. a3 d5 15.
Bxd3 d4 16. Qe2 g6 17. Bc4 Re8 18. Qc2 dxc3 19. Bxc3 Ned4 20. Rxe8+ Qxe8 21.
Nxd4 Bxd4 22. Nd2 Bf5 23. Qb3 Bxc3 24. Qxc3 Qe5 25. Qxe5 Nxe5 26. Be2 Rd8 27.
Nb3 b6 28. Rc1 Be6 29. Rc3 Rc8 30. Rxc8+ 1/2-1/2

[Event "Ontario op U2200"]
[Site "Toronto CAN"]
[Date "2022.05.21"]
[Round "1.21"]
[White "Xu, Eddie"]
[Black "Laughlin, Braden"]
[Result "1-0"]
[WhiteElo "2091"]
[BlackElo "1908"]
[PlyCount "191"]
[EventDate "2022.05.21"]
[EventType "swiss"]
[EventRounds "6"]
[EventCountry "CAN"]

1. d4 d5 2. c4 c6 3. Nc3 Nf6 4. Nf3 e6 5. Bg5 Nbd7 6. e3 Qa5 7. Nd2 Bb4 8. Rc1
Ne4 9. Ndxe4 dxe4 10. Bh4 Qxa2 11. Qc2 Nb6 12. Be2 Na4 13. O-O Bxc3 14. bxc3
Nxc3 15. Qxc3 Qxe2 16. Qa3 f6 17. f3 c5 18. Qxc5 Qxe3+ 19. Bf2 Qg5 20. Qxg5
fxg5 21. fxe4 h5 22. Rb1 a6 23. Be3 g4 24. Rb6 Rf8 25. Ra1 Rf7 26. Ra5 g6 27.
d5 Rc7 28. c5 exd5 29. exd5 Re7 30. Bf4 Bf5 31. c6 bxc6 32. Rxc6 Bd3 33. d6
Re1+ 34. Kf2 Re2+ 35. Kg3 Rxg2+ 36. Kh4 Bb5 37. Rc7 Rd8 38. Rxb5 axb5 39. Re7+
Kf8 40. Bh6+ Kg8 41. d7 Rxh2+ 42. Kg5 Rxd7 43. Rxd7 Rc2 44. Kxg6 Rc6+ 45. Kxh5
g3 46. Rg7+ Kh8 47. Rxg3 Rc5+ 48. Kg4 Kg8 49. Kf4+ Kf7 50. Ke4 Rh5 51. Bf4 Kf6
52. Rg8 Rh1 53. Rb8 Re1+ 54. Kd5 Kf5 55. Rf8+ Kg4 56. Bd6 Rd1+ 57. Kc6 Rb1 58.
Rf4+ Kg5 59. Rd4 Kf5 60. Bb4 Rc1+ 61. Kxb5 Rc8 62. Bc5 Rb8+ 63. Kc6 Rc8+ 64.
Kd5 Ra8 65. Rd1 Ra5 66. Rf1+ Kg5 67. Kd6 Ra2 68. Be3+ Kg6 69. Ke5 Ra5+ 70. Ke4
Ra4+ 71. Bd4 Rb4 72. Ra1 Rb5 73. Ra7 Rb4 74. Rg7+ Kh6 75. Rg1 Ra4 76. Kd5 Kh5
77. Ke5 Ra5+ 78. Kf6 Kh4 79. Be5 Kh3 80. Kf5 Ra4 81. Bf4 Ra5+ 82. Ke4 Ra3 83.
Be3 Kh4 84. Rg8 Ra4+ 85. Kf5 Ra5+ 86. Ke4 Ra4+ 87. Kf3 Kh5 88. Rg5+ Kh4 89. Rg6
Kh3 90. Rg1 Ra2 91. Rg3+ Kh2 92. Rg8 Kh1 93. Rg7 Rb2 94. Ra7 Rc2 95. Ra1+ Kh2
96. Bf4+ 1-0

[Event "Ontario op U2200"]
[Site "Toronto CAN"]
[Date "2022.05.21"]
[Round "1.22"]
[White "Flores, Marc"]
[Black "Southam, David"]
[Result "0-1"]
[WhiteElo "1894"]
[BlackElo "2087"]
[PlyCount "66"]
[EventDate "2022.05.21"]
[EventType "swiss"]
[EventRounds "6"]
[EventCountry "CAN"]

1. Nf3 d5 2. d4 e6 3. c4 c6 4. Nc3 dxc4 5. e3 b5 6. a4 Bb4 7. Be2 Nf6 8. O-O
O-O 9. axb5 Bxc3 10. bxc3 cxb5 11. Ne5 a5 12. Ba3 Re8 13. Qb1 Ba6 14. Bf3 Nd5
15. Bxd5 Qxd5 16. Bc5 f6 17. e4 Qd8 18. Nf3 Qc7 19. e5 Nc6 20. Bd6 Qf7 21. Qe4
Bb7 22. Qc2 Ne7 23. Bc7 a4 24. Nd2 Qg6 25. Qxg6 hxg6 26. Rfc1 Nd5 27. Bd6 Nf4
28. Rcb1 Ne2+ 29. Kf1 Nxc3 30. Nxc4 Nxb1 31. Nb6 Nd2+ 32. Ke2 Nc4 33. Nxa8 Rxa8
0-1

[Event "Ontario op U2200"]
[Site "Toronto CAN"]
[Date "2022.05.21"]
[Round "1.23"]
[White "Nazareno, Merlin"]
[Black "Courson, Wade"]
[Result "1-0"]
[WhiteElo "2083"]
[BlackElo "1886"]
[PlyCount "125"]
[EventDate "2022.05.21"]
[EventType "swiss"]
[EventRounds "6"]
[EventCountry "CAN"]

1. e4 e5 2. Bc4 Nf6 3. d4 exd4 4. Nf3 Bb4+ 5. c3 dxc3 6. bxc3 Bc5 7. e5 d5 8.
exf6 dxc4 9. Qe2+ Be6 10. fxg7 Rg8 11. Ng5 Qd3 12. Nxe6 Qxe2+ 13. Kxe2 fxe6 14.
Bh6 Nc6 15. Nd2 Ne5 16. Ne4 Be7 17. Bf4 Nd3 18. Bxc7 Rxg7 19. g3 Kd7 20. Ba5 b6
21. Bb4 Nxb4 22. cxb4 Bxb4 23. a3 Bf8 24. Rac1 b5 25. a4 a6 26. f4 Kc6 27. Ng5
e5 28. Ne6 Rf7 29. Rhd1 Re7 30. f5 Rxe6 31. fxe6 Re8 32. Rd7 h6 33. axb5+ axb5
34. Rf7 Ba3 35. Rc2 Rxe6 36. Ra7 Bc5 37. Rh7 Bd4 38. g4 Kc5 39. h4 b4 40. Rc7+
Kb6 41. R7xc4 Bc3 42. Ke3 Kb5 43. R4xc3 bxc3 44. Rxc3 Rf6 45. Rc8 Rf4 46. Rg8
Kc5 47. h5 Kd5 48. Rg6 Ra4 49. Kf3 Ra3+ 50. Kg2 e4 51. Rxh6 Ke5 52. g5 Kf4 53.
g6 Rg3+ 54. Kf1 Kf5 55. Rh8 Kf6 56. Rf8+ Kg7 57. Rf7+ Kg8 58. Rf6 Kg7 59. Kf2
Rb3 60. Rf7+ Kg8 61. h6 Rb6 62. h7+ Kh8 63. Rf8+ 1-0

[Event "Ontario op U2200"]
[Site "Toronto CAN"]
[Date "2022.05.21"]
[Round "1.24"]
[White "Kim, Noah"]
[Black "Douglas, Richard"]
[Result "1-0"]
[WhiteElo "1884"]
[BlackElo "2054"]
[PlyCount "67"]
[EventDate "2022.05.21"]
[EventType "swiss"]
[EventRounds "6"]
[EventCountry "CAN"]

1. d4 f5 2. Nc3 Nf6 3. Bg5 d5 4. Bxf6 exf6 5. e3 Be6 6. Bd3 Nc6 7. Qf3 Qd7 8.
a3 O-O-O 9. Nge2 g5 10. g3 h5 11. h4 f4 12. gxf4 Be7 13. f5 Bf7 14. b4 Bd6 15.
Nb5 Rde8 16. Nxd6+ Qxd6 17. Kd2 Rhg8 18. c3 Qd7 19. a4 Re4 20. hxg5 fxg5 21.
Ng3 h4 22. Nxe4 dxe4 23. Bxe4 g4 24. Qf4 h3 25. Rag1 Nxb4 26. Rxg4 Rd8 27. cxb4
Qxa4 28. Rc1 c6 29. Rg7 Qxb4+ 30. Ke2 Qb2+ 31. Rc2 Bh5+ 32. f3 Qb5+ 33. Kf2 Qa5
34. f6 1-0

[Event "Ontario op U2200"]
[Site "Toronto CAN"]
[Date "2022.05.21"]
[Round "1.25"]
[White "Pimentel, Sheldon"]
[Black "Oancea, Nicolae"]
[Result "1-0"]
[WhiteElo "2026"]
[BlackElo "1830"]
[PlyCount "127"]
[EventDate "2022.05.21"]
[EventType "swiss"]
[EventRounds "6"]
[EventCountry "CAN"]

1. d4 Nf6 2. c4 e5 3. e3 exd4 4. exd4 d5 5. Nf3 Nc6 6. c5 Bf5 7. Bb5 Be7 8. Ne5
Bd7 9. Nxd7 Qxd7 10. O-O a6 11. Ba4 O-O 12. Re1 Rae8 13. Nd2 Bd8 14. Nf3 Rxe1+
15. Qxe1 Ne4 16. Ne5 Qe6 17. Nxc6 bxc6 18. f3 Nxc5 19. Qxe6 Nxe6 20. Bxc6 Nxd4
21. Bxd5 c6 22. Bc4 Re8 23. Bd2 Bb6 24. Kf1 Nc2 25. Rc1 Ne3+ 26. Bxe3 Bxe3 27.
Rd1 a5 28. Rd7 Rf8 29. Ke2 Bc1 30. b3 Ba3 31. f4 g6 32. Kf3 Kg7 33. g4 h6 34.
h4 g5 35. fxg5 hxg5 36. h5 Kh6 37. Rc7 f5 38. Rxc6+ Kh7 39. Bd3 Rd8 40. Rc7+
Kh8 41. Bxf5 Bd6 42. Rc8 Rxc8 43. Bxc8 Kg7 44. Ke4 Bf8 45. Kd5 Kf7 46. Kc4 Bg7
47. Kb5 Bc3 48. a3 Ke7 49. b4 axb4 50. axb4 Kd8 51. Bf5 Kc7 52. Kc5 Bg7 53. b5
Bf8+ 54. Kd5 Bg7 55. Ke6 Bd4 56. Kf7 Kd8 57. Kg6 Ke7 58. Kxg5 Kf7 59. Kf4 Bb6
60. h6 Ba5 61. g5 Bc3 62. g6+ Kf6 63. g7 Kf7 64. Be6+ 1-0

[Event "Ontario op U2200"]
[Site "Toronto CAN"]
[Date "2022.05.21"]
[Round "1.26"]
[White "Wu, Benjamin"]
[Black "Mohan, Abhinandan"]
[Result "1-0"]
[WhiteElo "1828"]
[BlackElo "1985"]
[PlyCount "71"]
[EventDate "2022.05.21"]
[EventType "swiss"]
[EventRounds "6"]
[EventCountry "CAN"]

1. e4 c5 2. Nc3 Nc6 3. g3 g6 4. Bg2 Bg7 5. Nge2 e6 6. O-O Nge7 7. d3 O-O 8. f4
Nd4 9. Be3 d6 10. Kh1 Bd7 11. Qd2 b5 12. Nd1 Rb8 13. c3 Nxe2 14. Qxe2 b4 15.
Qf2 Qb6 16. d4 bxc3 17. dxc5 cxb2 18. Rb1 Qa6 19. cxd6 Qxd6 20. e5 Qa6 21. Bxa7
Rb7 22. Bxb7 Qxb7+ 23. Kg1 Ra8 24. Bc5 Bf8 25. Rxb2 Qe4 26. Qd4 Qxd4+ 27. Bxd4
Nf5 28. Bf2 Ra3 29. Rb8 Ra5 30. Ne3 Nxe3 31. Bxe3 Kg7 32. Rd1 Ra3 33. Rxd7 Rxe3
34. Rbb7 Bc5 35. Rxf7+ Kg8 36. Kf1 {...} 1-0

[Event "Ontario op U2200"]
[Site "Toronto CAN"]
[Date "2022.05.21"]
[Round "1.27"]
[White "Shih, Matthew"]
[Black "Jeyakumar, Bhavatharshan"]
[Result "1/2-1/2"]
[WhiteElo "1985"]
[BlackElo "1827"]
[PlyCount "92"]
[EventDate "2022.05.21"]
[EventType "swiss"]
[EventRounds "6"]
[EventCountry "CAN"]

1. c4 e5 2. Nc3 Nf6 3. g3 Nc6 4. Bg2 Bc5 5. e3 O-O 6. Nge2 d6 7. O-O Re8 8. d4
Bb6 9. h3 Bf5 10. a3 Qc8 11. g4 Bg6 12. b4 a5 13. b5 Nd8 14. Nd5 Nxd5 15. cxd5
f5 16. dxe5 dxe5 17. gxf5 Bxf5 18. Kh2 Nf7 19. e4 Bd7 20. a4 Nd6 21. Qd3 Qd8
22. f4 Nf7 23. fxe5 Nxe5 24. Qa3 Bc5 25. Bf4 Bd6 26. Nd4 Qf6 27. Rad1 Rf8 28.
Kh1 Rae8 29. Qc3 b6 30. Qg3 Kh8 31. Nc6 Bxc6 32. dxc6 Qe6 33. h4 h6 34. Rd5 Nc4
35. Kh2 Kh7 36. e5 Bc5 37. Qd3+ Kh8 38. Qxc4 Qg4 39. Rxc5 Qxh4+ 40. Kg1 bxc5
41. Qe4 g5 42. Bc1 Rxf1+ 43. Kxf1 Rf8+ 44. Kg1 g4 45. e6 Qf2+ 46. Kh2 Qh4+
1/2-1/2

[Event "Ontario op U2200"]
[Site "Toronto CAN"]
[Date "2022.05.21"]
[Round "1.28"]
[White "Rajsic, Branislav"]
[Black "He, Emma"]
[Result "0-1"]
[WhiteElo "1784"]
[BlackElo "1981"]
[PlyCount "91"]
[EventDate "2022.05.21"]
[EventType "swiss"]
[EventRounds "6"]
[EventCountry "CAN"]

1. e4 e5 2. Nf3 Nc6 3. Bb5 a6 4. Ba4 Nf6 5. O-O Nxe4 6. d4 b5 7. Bb3 d5 8. Nxe5
Nxe5 9. dxe5 Bb7 10. Nd2 Nc5 11. Nf3 Be7 12. a3 Nxb3 13. cxb3 O-O 14. b4 c5 15.
bxc5 Bxc5 16. b4 Bb6 17. Bb2 Qe7 18. Rc1 Rac8 19. Re1 Rc4 20. Nd4 Rfc8 21. Nf5
Bxf2+ 22. Kh1 Qd7 23. Rxc4 Rxc4 24. Nd6 Bxe1 25. Nxc4 bxc4 26. Qxe1 d4 27. Qd2
d3 28. Bc3 Qg4 29. Kg1 h5 30. h3 Qe4 31. a4 Kf8 32. Qf2 Ke8 33. Qd2 Kd7 34. Qf2
Ke6 35. Qd2 Qc6 36. a5 Qa4 37. Kf2 Qc2 38. h4 g6 39. g3 Qxd2+ 40. Bxd2 Kxe5 41.
Ke3 Bc8 42. Bc3+ Kf5 43. Kd4 Be6 44. b5 axb5 45. a6 Bc8 46. Kc5 0-1

[Event "Ontario op U2200"]
[Site "Toronto CAN"]
[Date "2022.05.21"]
[Round "1.29"]
[White "Malmsten, Erik"]
[Black "Lu, Tony"]
[Result "1-0"]
[WhiteElo "1975"]
[BlackElo "1765"]
[PlyCount "56"]
[EventDate "2022.05.21"]
[EventType "swiss"]
[EventRounds "6"]
[EventCountry "CAN"]

1. e4 e6 2. f4 d5 3. e5 c5 4. Nf3 Nc6 5. Bb5 Bd7 6. Bxc6 Bxc6 7. d3 b5 8. O-O
Ne7 9. Qe1 Bb7 10. a3 Nc6 11. Nc3 a6 12. Bd2 Qc7 13. Ne2 Be7 14. Ng3 O-O-O 15.
b4 c4 16. dxc4 dxc4 17. Be3 h5 18. Qf2 h4 19. Ne4 Rdg8 20. Nfg5 Nd8 21. Bb6 Qc6
22. Nd6+ Bxd6 23. exd6 f6 24. Bxd8 fxg5 25. Bxg5 h3 26. Rad1 Kd7 27. Rfe1 Rf8
28. Re5 Rh5 {...} 1-0

[Event "Ontario op U2200"]
[Site "Toronto CAN"]
[Date "2022.05.21"]
[Round "1.30"]
[White "Lefort, Victor"]
[Black "Mendes, Aaron Reeve"]
[Result "0-1"]
[WhiteElo "1755"]
[BlackElo "1959"]
[PlyCount "48"]
[EventDate "2022.05.21"]
[EventType "swiss"]
[EventRounds "6"]
[EventCountry "CAN"]

1. e4 c5 2. Nf3 d6 3. Bb5+ Bd7 4. Bxd7+ Qxd7 5. c4 Nf6 6. Nc3 e5 7. d3 h6 8. a3
Nc6 9. Be3 Be7 10. b4 cxb4 11. axb4 Nxb4 12. Rxa7 O-O 13. O-O Qc6 14. Nd5 Nbxd5
15. exd5 Qc7 16. Rxa8 Rxa8 17. Qb3 Nd7 18. Rb1 f5 19. g3 Bd8 20. Qxb7 Rb8 21.
Qa6 Rxb1+ 22. Kg2 Nc5 23. Bxc5 Qxc5 24. Qa2 Rb8 0-1

[Event "Ontario op U2200"]
[Site "Toronto CAN"]
[Date "2022.05.21"]
[Round "1.31"]
[White "Ganea, Mihai"]
[Black "Orlovskii, Konstantin"]
[Result "1-0"]
[WhiteElo "1954"]
[BlackElo "1734"]
[PlyCount "107"]
[EventDate "2022.05.21"]
[EventType "swiss"]
[EventRounds "6"]
[EventCountry "CAN"]

1. c4 d6 2. Nc3 Nf6 3. g3 g6 4. Bg2 Bg7 5. Nf3 Bd7 6. Rb1 O-O 7. b4 a6 8. a4
Be6 9. d3 d5 10. Ng5 Ng4 11. Nxd5 c6 12. Ne3 Bc3+ 13. Bd2 Nxe3 14. fxe3 Bxd2+
15. Qxd2 Qd6 16. Nxe6 Qxe6 17. O-O Nd7 18. b5 axb5 19. axb5 Ne5 20. bxc6 bxc6
21. Rb6 Rfd8 22. Qb2 Nd7 23. Rxc6 Qxe3+ 24. Kh1 Rab8 25. Qc2 Ne5 26. Rc7 Ng4
27. Bf3 Qe5 28. Rxe7 Qxe7 29. Bxg4 Qe5 30. Qc1 Rb2 31. Qf4 Qe7 32. Qf6 Qb7+ 33.
Bf3 Qb8 34. Bd5 Rxd5 35. Qxf7+ Kh8 36. Qxd5 Rxe2 37. Qf3 Re8 38. d4 Kg7 39.
Qf7+ Kh6 40. Qf4+ Qxf4 41. gxf4 Re4 42. Rd1 Kg7 43. c5 Kf7 44. d5 Rc4 45. d6
Ke8 46. Rd5 Rxf4 47. c6 Rc4 48. d7+ Kd8 49. Rd6 Rc2 50. h4 Rc4 51. Kg2 h6 52.
Rxg6 Ke7 53. Rg8 Rd4 54. Re8+ 1-0

[Event "Ontario op U2200"]
[Site "Toronto CAN"]
[Date "2022.05.21"]
[Round "1.32"]
[White "Li, Ande"]
[Black "Yuen, Noah Nathaniel"]
[Result "0-1"]
[WhiteElo "1675"]
[BlackElo "1948"]
[PlyCount "130"]
[EventDate "2022.05.21"]
[EventType "swiss"]
[EventRounds "6"]
[EventCountry "CAN"]

1. e4 c5 2. d4 cxd4 3. c3 Nf6 4. e5 Nd5 5. Qxd4 Nb6 6. Nf3 Nc6 7. Qe4 d5 8.
exd6 Qxd6 9. Bb5 g6 10. Bf4 Qd5 11. Qe5 f6 12. Qxd5 Nxd5 13. Bd2 Bd7 14. Na3
O-O-O 15. Bxc6 Bxc6 16. Nd4 Bd7 17. c4 Nc7 18. O-O-O Bg4 19. Nf3 e5 20. h3 Bxf3
21. gxf3 Bxa3 22. bxa3 Rd4 23. Be3 Rxc4+ 24. Kb2 Rd8 25. Rxd8+ Kxd8 26. Bxa7
Ke7 27. Be3 Ne6 28. Kb3 Rh4 29. Kc3 Nf4 30. Rb1 Nd5+ 31. Kd3 Rxh3 32. Rxb7+ Ke6
33. Ra7 h5 34. Ra6+ Kf5 35. Rd6 Nf4+ 36. Kd2 Rxf3 37. Rd7 h4 38. Rh7 h3 39. a4
Nh5 40. Rc7 Kg4 41. a5 h2 42. Rc1 e4 43. a6 Rf5 44. Bb6 Re5 45. a7 Re8 46. Rh1
e3+ 47. Bxe3 Kh3 48. Bb6 Nf4 49. Bc7 g5 50. Bb8 Re2+ 51. Kc3 Rxa2 52. Kb3 Ra6
53. Kb4 Kg2 54. Kb5 Ra2 55. Rxh2+ Kxh2 56. Kb6 Kg2 57. Kb7 Kxf2 58. a8=Q Rxa8
59. Kxa8 Kf3 60. Kb7 g4 61. Kc6 g3 62. Ba7 g2 63. Kd6 Kg4 64. Be3 Nh3 65. Ke6
f5 0-1

[Event "Ontario op U2200"]
[Site "Toronto CAN"]
[Date "2022.05.21"]
[Round "2.17"]
[White "Mendes, Aaron Reeve"]
[Black "Dai, Wenzhi"]
[Result "1-0"]
[WhiteElo "1959"]
[BlackElo "2177"]
[PlyCount "79"]
[EventDate "2022.05.21"]
[EventType "swiss"]
[EventRounds "6"]
[EventCountry "CAN"]

1. e4 e6 2. b3 d5 3. Bb2 Nf6 4. e5 Nfd7 5. d4 c5 6. c3 b6 7. Nf3 Ba6 8. Bxa6
Nxa6 9. Qd3 Nab8 10. O-O Nc6 11. Rd1 Be7 12. c4 O-O 13. cxd5 Nb4 14. Qe2 Nxd5
15. Nc3 Nb8 16. dxc5 bxc5 17. Qc4 Nd7 18. Nxd5 exd5 19. Qxd5 Nb6 20. Qb7 Qe8
21. a4 Rd8 22. Qxa7 Nd5 23. Qb7 Nb4 24. a5 Rb8 25. Qe4 Qb5 26. e6 f6 27. Rd7
Rfe8 28. Nd2 Bd8 29. Qg4 Re7 30. a6 Nxa6 31. Bxf6 Rxd7 32. exd7 Bxf6 33. Qe6+
Kf8 34. Rxa6 Rd8 35. Rd6 Ra8 36. h3 Qb4 37. Qf5 Ke7 38. Re6+ Kf7 39. Rxf6+ gxf6
40. Qd5+ 1-0

[Event "Ontario op U2200"]
[Site "Toronto CAN"]
[Date "2022.05.21"]
[Round "2.18"]
[White "Ishow, Younan"]
[Black "Ganea, Mihai"]
[Result "0-1"]
[WhiteElo "2146"]
[BlackElo "1954"]
[PlyCount "104"]
[EventDate "2022.05.21"]
[EventType "swiss"]
[EventRounds "6"]
[EventCountry "CAN"]

1. e4 e6 2. d4 d5 3. Bd3 dxe4 4. Bxe4 Nf6 5. Bf3 Be7 6. Ne2 Nbd7 7. Nbc3 e5 8.
Be3 O-O 9. O-O exd4 10. Bxd4 Bc5 11. Re1 c6 12. Ng3 Re8 13. Qd3 Bxd4 14. Qxd4
Nf8 15. Qa4 Rxe1+ 16. Rxe1 Qb6 17. Qa3 Be6 18. Nge4 Nxe4 19. Bxe4 Rd8 20. Bd3
a5 21. b3 Qb4 22. Qb2 Nd7 23. Re4 Qd6 24. Rh4 h6 25. Ne4 Qe7 26. g3 f5 27. Nd2
Nc5 28. Rd4 Nxd3 29. Rxd3 Rxd3 30. cxd3 Bd5 31. Kf1 Qg5 32. h4 Qg4 33. Ke1 f4
34. Qe5 fxg3 35. fxg3 b5 36. Kf2 Qd1 37. Qe2 Qa1 38. Ne4 a4 39. bxa4 bxa4 40.
Nc5 Qd4+ 41. Qe3 Qxe3+ 42. Kxe3 a3 43. Kd4 Bxa2 44. Kc3 Bd5 45. Na6 Kf7 46. Nb4
Ke6 47. Kd4 h5 48. Ke3 c5 49. Nc2 a2 50. d4 Bb3 51. Na1 c4 52. Kd2 Kd5 0-1

[Event "Ontario op U2200"]
[Site "Toronto CAN"]
[Date "2022.05.21"]
[Round "2.19"]
[White "Yuen, Noah Nathaniel"]
[Black "Xu, Eddie"]
[Result "0-1"]
[WhiteElo "1948"]
[BlackElo "2091"]
[PlyCount "66"]
[EventDate "2022.05.21"]
[EventType "swiss"]
[EventRounds "6"]
[EventCountry "CAN"]

1. d4 d5 2. c4 e6 3. Nc3 Be7 4. Nf3 Nf6 5. Bg5 h6 6. Bh4 O-O 7. e3 b6 8. Rc1
Bb7 9. Be2 Nbd7 10. O-O c5 11. cxd5 Nxd5 12. Bxe7 Qxe7 13. Nxd5 Bxd5 14. Bc4
Bxf3 15. Qxf3 cxd4 16. exd4 Nf6 17. Rfe1 Qd6 18. Rcd1 Rac8 19. Bb3 Rfd8 20. Re3
Nd5 21. Red3 b5 22. g3 Qb8 23. Re1 Rd7 24. Kg2 Rcd8 25. a3 Qb6 26. Red1 a5 27.
R3d2 a4 28. Bc2 Nf6 29. Qe3 Rd5 30. Bd3 Kf8 31. Be2 e5 32. Bf3 exd4 33. Qf4 g5
0-1

[Event "Ontario op U2200"]
[Site "Toronto CAN"]
[Date "2022.05.21"]
[Round "2.20"]
[White "Southam, David"]
[Black "Kim, Noah"]
[Result "1/2-1/2"]
[WhiteElo "2087"]
[BlackElo "1884"]
[PlyCount "55"]
[EventDate "2022.05.21"]
[EventType "swiss"]
[EventRounds "6"]
[EventCountry "CAN"]

1. d4 Nf6 2. c4 g6 3. Nc3 Bg7 4. e4 d6 5. Nf3 O-O 6. Be2 Nbd7 7. O-O e5 8. Be3
Qe7 9. Qc2 c6 10. d5 c5 11. Ne1 Kh8 12. g4 Ng8 13. f3 Bh6 14. Bf2 f5 15. Ng2
Ndf6 16. h3 Bd7 17. a3 Qd8 18. b4 b6 19. Rab1 fxe4 20. Nxe4 Nxe4 21. Qxe4 Qc7
22. Bd3 Rae8 23. Qe2 Bc8 24. Be4 Nf6 25. bxc5 bxc5 26. Be3 Bxe3+ 27. Qxe3 Ba6
28. Rfc1 1/2-1/2